| 000 | 01963cam a2200529 a 4500 | ||
|---|---|---|---|
| 001 | 22205 | ||
| 003 | VRT | ||
| 005 | 20260323131823.0 | ||
| 008 | 240226s1992 xo gr 010 f slo | ||
| 015 | _aSNBA1992 | ||
| 020 |
_a8022003441 _q(viazané) |
||
| 035 | _aSNK000011304 | ||
| 035 | _a094B022F-A53E-4995-937F-BAF0473CE94E | ||
| 035 | _aurn:nbn:sk:snk-am00ijk7 | ||
| 039 | 9 |
_a202407311525 _bAUTHORITY _c202407311524 _dAUTHORITY _c202405021211 _dAUTHORITY _c202405021208 _dAUTHORITY |
|
| 040 |
_aSNK _bslo _cSNK _eAACR2 |
||
| 041 | 1 |
_aslo _heng |
|
| 044 |
_axo _cSK |
||
| 072 | 7 |
_a821.111(73)-3 _xAmerická próza _2konspekt |
|
| 080 |
_a821.111(73)-31 _22011 |
||
| 080 |
_a82-311.4 _22011 |
||
| 080 |
_a821-311.1 _22011 |
||
| 080 |
_a82-31 _22011 |
||
| 080 |
_a(0:82-312.5) _22011 |
||
| 100 | 1 |
_aSusann, Jacqueline, _d1918-1974 _4aut |
|
| 240 | 1 | 0 |
_aOnce is not enough _lSlovensky |
| 245 | 1 | 0 |
_aRaz nestačí _cJacqueline Susannová ; z anglického originálu Once is not enough ... preložili Milan Šebo, Katarína Zábudlá |
| 250 | _a1. vyd. | ||
| 260 |
_aBratislava _bSlovenský spisovateľ _c1992 |
||
| 300 |
_a328 strán _bilustrácie _c21 cm |
||
| 490 | 1 |
_aSpoločnosť priateľov krásnych kníh _vzv. 542 |
|
| 500 | _aPoznámky pod čiarou | ||
| 655 | 7 |
_aamerické romány _2SNKPH |
|
| 655 | 7 |
_aspoločenské romány _2SNKPH |
|
| 700 | 1 |
_aŠebo, Milan, _d1954- _4trl |
|
| 700 | 1 |
_aZábudlá, Katarína _4trl |
|
| 700 | 1 |
_aGrečner, Dušan, _d1944-2015 _4ill |
|
| 830 | 0 | _aSpoločnosť priateľov krásnych kníh | |
| 910 | _asnk | ||
| 942 |
_2ddc _cKLDO _n0 |
||
| 949 |
_617A0252440 _9P60, <05>, [BOOK], {605} _asnkSC 81826 D1 |
||
| 949 |
_63869A10729 _abpksh821.111(73)-3 _bbpksh66425 |
||
| 949 |
_6270001000049141 _asvkbbA 80212 _bsvkbbm 569927 _p569.927 |
||
| 949 |
_617A0994122 _asnkSC 81826 _bsnkKSP 4626/92 _s6100:20221121 |
||
| 949 |
_6273K0190556 _asvkpoA 154655 _bsvkpo381237 _oPV 2218/92 |
||
| 999 |
_c22205 _d22205 |
||